Countries by the 4th letter Quiz Stats

 Plays Quiz not verified by Sporcle

Score 0/26 Timer 05:00
0 Plays Today
4th Letter Country % Correct
AAlbania
98.8%
TAustralia
98.2%
NBosnia and Herzegovina
97.9%
IAntigua and Barbuda
97.6%
EAlgeria
97.3%
LChile
95.5%
OAndorra
95.5%
ZBrazil
94.3%
GBangladesh
93.7%
F - type 'none'none
92.2%
J - type 'none'none
92.2%
X - type 'none'none
92.2%
DChad
91.6%
4th Letter Country % Correct
SBotswana
90.4%
BBarbados
88%
UBurundi
86.1%
KBurkina Faso
80.4%
CCzech Republic
78.6%
MDenmark
77.7%
RAzerbaijan
77.4%
HAfghanistan
70.8%
QIraq
70.5%
WNorway
69.6%
VLatvia
66.6%
PEgypt
62%
YKenya
57.8%

You're not logged in!

Compare scores with friends on all Sporcle quizzes.
OR
Log In

Show Comments

Extras

Created Nov 12, 2010ReportNominate
Tags:Country Quiz, Letter Quiz, 4th

Top Quizzes Today


Score Distribution

Your Account Isn't Verified!

In order to create a playlist on Sporcle, you need to verify the email address you used during registration. Go to your Sporcle Settings to finish the process.

Report this User

Report this user for behavior that violates our Community Guidelines.

Details: